000 01581nam a2200385 i 4500
999 _c65097
_d65097
001 768714001
003 CO-MdFUSB
005 20190709115842.0
008 190705b ||||| |||| 00| 0 eng d
020 _a9781944586638
040 _aCO-MdFUSB
_bspa
_cCO-MdFUSB
_dCO-MdFUSBC
_erda
041 _aspa
_heng
082 _222
_a253
_bR582a
100 1 _aRinne, Jeramie,
_d1970-
_eautor.
245 3 _aLos ancianos de la iglesia
_b: Cómo pastorear al pueblo de Dios como Jesús
_c/ Jeramie Rinne ; traducido por Daniel Puerto.
264 1 _aMedellin, Colombia
_bPoiema,
_c[2015]
264 4 _c©2015
300 1 _a159 páginas
_c; 19 cm.
336 _2rdacontent
_atexto
_bxxx
337 _2rdamedia
_asin mediación
_bn
338 _2rdacarrier
_avolumen
_bnc
490 _a9Marcas :
504 _aIncluye referencias bibliográficas (Páginas 153-55)
505 _aIntroducción: Soy anciano ¿y ahora qué? -- No supongas -- Huele a oveja -- Sirve la palabra -- Busca a las descarriadas. -- Lidera sin enseñorearte. -- Pastorea junto a otros. -- Sé un ejemplo de madurez -- Intercede por el rebaño. -- Conclusión: el peso eterno del pastorado.
534 _cChurch elders: How to Shepherd God's people like Jesus.
_pTítulo original en inglés:
563 _aRústico
650 0 _91118
_aAdministración eclesiástica
650 7 _9227
_aTeología pastoral
653 _aPastorado.
653 _aAncianos de la iglesia.
700 _92082
_aPuerto, Daniel,
_etraductor.
830 _a9Marcas :
_pEdificando iglesias sanas.
_v9
942 _cBK
945 _aAEM-53